000
00256pab a2200109 454500
008
180718b xxu||||| |||| 00| 0 eng d
100
_a
Anand, Mulk Raj
245
_a
One cheer for Indian democracy
650
_a
Legislature
773
_a
Tribune
909
_a
24135
999
_c
24135
_d
24135